Bande Organisée - 13 Organisé - PART1 - Statistiques

Statistiques générales
  • Ce quiz a été pris 2 746 fois
  • Le résultat moyen est 299 sur 495
Statistiques - réponses
Réponse % Correct
à
99%
a
99%
B
97%
c'
96%
C'
96%
m'
96%
s'
96%
S
96%
l'
95%
t'
95%
T'
95%
d'
93%
ma
93%
la
92%
La
92%
92%
Ca
91%
ça
91%
qu'
91%
es
90%
le
90%
Le
90%
90%
ou
90%
j'
89%
J'
89%
J
89%
de
88%
sûr
88%
sur
88%
on
86%
me
85%
se
85%
en
82%
En
82%
est
82%
et
82%
Et
82%
peut
82%
RS
82%
ai
81%
bien
81%
dans
81%
Dans
81%
ils
80%
ta
80%
ont
79%
Oui
79%
un
78%
Un
78%
Contre
77%
contre
77%
nous
77%
chérie
76%
deux
76%
raté
76%
sens
76%
qui
75%
Marseille
74%
mère
74%
pas
74%
bébé
73%
gâtée
73%
les
73%
Tu
73%
tu
73%
par
71%
quand
71%
tes
71%
au
70%
Au
70%
des
70%
essence
70%
étais
70%
pro'
70%
moi
69%
euros
68%
Nique
68%
nique
68%
quitté
68%
Port
67%
que
66%
sa
66%
Vieux
66%
CB
65%
fais
65%
mettais
65%
passé
65%
passe
65%
prend
65%
RS4
65%
après
64%
Audi
64%
déjà
64%
gris
64%
guerre
64%
morts
64%
or
64%
bague
63%
nardo
63%
Shifter
63%
faire
62%
mois
62%
Puta
62%
puta
62%
ton
62%
trois
62%
gadji
61%
quoi
61%
téléphone
61%
bande
60%
veux
60%
capitale
59%
sept
59%
suis
59%
tranquille
59%
Wesh
59%
Tchikita
58%
alors
56%
batard
56%
organisée
56%
race
56%
ACDC
55%
Canebière
55%
pét'
55%
Soleil
55%
personne
54%
bippe
53%
tétanisé
53%
Sport
52%
une
52%
Une
52%
canaliser
51%
douane
51%
elle
51%
Prado
51%
prends
51%
zone
51%
Guitarisé
50%
mon
50%
oh
48%
secondes
48%
fume
47%
zéro
47%
cent
46%
Dieu
45%
Grimpe
45%
grimpe
45%
rapports
45%
bulle
44%
fait
44%
capitaine
43%
vais
43%
CDD
42%
fusée
42%
Nord
42%
tchop
42%
croise
41%
Sud
41%
décapiter
40%
quartiers
40%
Mi
39%
sors
39%
Hasta
38%
hasta
38%
Depuis
36%
depuis
36%
luego
36%
amor
35%
scooter
34%
flow
33%
kew
31%
mal
31%
platine
31%
cas
30%
du
30%
pistés
30%
poto
30%
quatre
30%
Oublie
29%
liasse
27%
parlent
27%
briquet
26%
pasa
26%
son
26%
épaisse
25%
survêt'
25%
team
25%
vingt
25%
claquettes
24%
moto
24%
moula
24%
banalisées
23%
Lacoste
23%
potes
23%
Ah
22%
ah
22%
aller
22%
cabeza
22%
Diakité
22%
leurs
22%
Plus
22%
pour
22%
quitée
22%
Rafale
22%
carats
21%
époque
21%
rappe
21%
vois
21%
artistiquement
20%
balade
20%
besoin
20%
chez
20%
game
20%
mères
20%
net
20%
ratata
20%
heure
19%
malade
19%
NAPS
19%
Twitter
19%
ceux
18%
déplacent
18%
casque
17%
ouh
17%
technique
17%
demande
16%
mascara
16%
sans
16%
couler
15%
frappe
15%
ailleurs
14%
envoie
14%
posts
14%
sous
13%
toujours
13%
folles
12%
fuck
12%
kité
12%
effritée
11%
imparable
11%
mapesa
11%
recherché
11%
T-Max
11%
zéros
10%
bazookaw
9%
kech-Marra
9%
lui
9%
tire
9%
chèque
8%
brm
7%
potion
6%
Araï
5%
bam
5%
grr
5%
Nabba
5%
peit
5%
ports
4%
Arlabelek
2%
Tchyco
2%
K-Ra
1%
Aucun quiz correspondant
Distribution des résultats
% des personnes avec chaque résultat
Percentile par nombre de réponses
Votre historique - résultats
Vous n’avez pas pris ce quiz